Анализ вольтамперных кривых электроокисления бинарных электролитических осадков железо-мышьяк; Химия и химическая технология в XXI веке; Т. 1

Bibliographic Details
Parent link:Химия и химическая технология в XXI веке: материалы XIV Всероссийской научно-практической конференции имени профессора Л.П. Кулёва студентов и молодых ученых с международным участием, Томск, 13-16 мая 2013 г/ Национальный исследовательский Томский политехнический университет (ТПУ); Институт природных ресурсов (ИПР) ; Институт физики высоких технологий (ИФВТ) ; Физико-технический институт (ФТИ).— , 2013
Т. 1.— 2013.— [С. 245-248]
Main Author: Данилова Т. В.
Corporate Author: Национальный исследовательский Томский политехнический университет (ТПУ) Институт природных ресурсов (ИПР) Кафедра физической и аналитической химии (ФАХ)
Other Authors: Колпакова Н. А. Нина Александровна (научный руководитель)
Summary:Заглавие с титульного экрана
Language:Russian
Published: 2013
Series:Теоретические и прикладные аспекты физической и аналитической химии
Subjects:
Online Access:http://www.lib.tpu.ru/fulltext/c/2013/C27/V1/119.pdf
Format: MixedMaterials Electronic Book Chapter
KOHA link:https://koha.lib.tpu.ru/cgi-bin/koha/opac-detail.pl?biblionumber=241975

MARC

LEADER 00000naa2a2200000 4500
001 241975
005 20251218132548.0
035 |a (RuTPU)RU\TPU\book\263270 
035 |a RU\TPU\book\263264 
090 |a 241975 
100 |a 20130821d2013 k y0rusy50 ca 
101 0 |a rus 
102 |a RU 
135 |a drcn ---uucaa 
181 0 |a i  
182 0 |a b 
200 1 |a Анализ вольтамперных кривых электроокисления бинарных электролитических осадков железо-мышьяк  |f Т. В. Данилова  |g науч. рук. Н. А. Колпакова 
203 |a Текст  |c электронный 
225 1 |a Теоретические и прикладные аспекты физической и аналитической химии 
300 |a Заглавие с титульного экрана 
337 |a Adobe Reader 
461 1 |0 (RuTPU)RU\TPU\book\259433  |t Химия и химическая технология в XXI веке  |o материалы XIV Всероссийской научно-практической конференции имени профессора Л.П. Кулёва студентов и молодых ученых с международным участием, Томск, 13-16 мая 2013 г  |o в 2 т.  |f Национальный исследовательский Томский политехнический университет (ТПУ); Институт природных ресурсов (ИПР) ; Институт физики высоких технологий (ИФВТ) ; Физико-технический институт (ФТИ)  |d 2013 
463 1 |0 (RuTPU)RU\TPU\book\259435  |t Т. 1  |v [С. 245-248]  |d 2013 
610 1 |a труды учёных ТПУ 
610 1 |a электронный ресурс 
610 1 |a вольтамперные кривые 
610 1 |a электроокисление 
610 1 |a осадки 
610 1 |a анализ 
610 1 |a мышьяк 
610 1 |a железо 
700 1 |a Данилова  |b Т. В. 
702 1 |a Колпакова  |b Н. А.  |c девичья фамилия Полукарова  |c российский химик  |c профессор Томского политехнического университета, доктор химических наук  |c Почетный химик России (1996 г.)  |f 1942-  |g Нина Александровна  |3 (RuTPU)RU\TPU\pers\21963  |4 727 
712 0 2 |a Национальный исследовательский Томский политехнический университет (ТПУ)  |b Институт природных ресурсов (ИПР)  |b Кафедра физической и аналитической химии (ФАХ)  |3 (RuTPU)RU\TPU\col\18656 
801 2 |a RU  |b 63413507  |c 20130829  |g RCR 
856 4 |u http://www.lib.tpu.ru/fulltext/c/2013/C27/V1/119.pdf 
942 |c CF